Counties of Northern Ireland - Statistics

General Stats
  • This quiz has been taken 3,087 times
    3,084 since last reset
  • The average score is 5 of 6
Answer Stats
Answer % Correct
County Londonderry
90%
County Antrim
85%
County Down
83%
County Armagh
81%
County Tyrone
75%
County Fermanagh
71%
No matching quizzes found
Score Distribution
Percent of People with Each Score
Percentile by Number Answered
Your Score History
You have not taken this quiz since the last reset